000
00419nam a2200145Ia 4500
008
100122s9999 xx 000 0 und d
082
_b
22917
_a
823.08
100
_a
मुसळे गोविंद
245
_a
ओले दु:ख
260
_b
श्री विशाखा प्रकाशन
_c
1976
300
_a
200
630
_a
ओले दु:ख
730
_a
ओले दु:ख
942
_c
BOOK
999
_c
410575
_d
410572